| 000 | 00360cam a2200133 4500 | ||
|---|---|---|---|
| 008 | 000000n2000 000 0 eng u | ||
| 020 | _a187405939X | ||
| 035 | _a(Sirsi) u108193 | ||
| 110 |
_aAssociation for Geographic Information _9166 |
||
| 245 | _aConference proceedings 2000 | ||
| 260 |
_aLondon _bRICS _c2000 |
||
| 520 | _aNot yet published | ||
| 942 | _n0 | ||
| 999 |
_c100760 _d100760 |
||